<?xml version="1.0" encoding="UTF-8"?>
<record
    xmlns:xsi="http://www.w3.org/2001/XMLSchema-instance"
    xsi:schemaLocation="http://www.loc.gov/MARC21/slim http://www.loc.gov/standards/marcxml/schema/MARC21slim.xsd"
    xmlns="http://www.loc.gov/MARC21/slim">

  <leader>01160nam a22002417a 4500</leader>
  <datafield tag="999" ind1=" " ind2=" ">
    <subfield code="c">48721</subfield>
    <subfield code="d">48721</subfield>
  </datafield>
  <controlfield tag="003">BI-BuBU</controlfield>
  <controlfield tag="008">230619b2       b      fr|||| 00| 0 fre d</controlfield>
  <datafield tag="037" ind1=" " ind2=" ">
    <subfield code="b">Don</subfield>
  </datafield>
  <datafield tag="039" ind1=" " ind2=" ">
    <subfield code="a">20230619152543.0</subfield>
    <subfield code="b">Fulgence Hakizimana</subfield>
  </datafield>
  <datafield tag="040" ind1=" " ind2=" ">
    <subfield code="a">BI-BuBU</subfield>
    <subfield code="b">fre</subfield>
    <subfield code="c">BI-BuBU</subfield>
  </datafield>
  <datafield tag="080" ind1=" " ind2=" ">
    <subfield code="a">551.49 .</subfield>
  </datafield>
  <datafield tag="100" ind1="1" ind2="0">
    <subfield code="4">aut.</subfield>
    <subfield code="a">Ngabirano, Jean Bosco</subfield>
  </datafield>
  <datafield tag="245" ind1="1" ind2="0">
    <subfield code="a">Analyse critique des m&#xE9;sures de gestion adopt&#xE9;es face aux risques hydrologiques en Mairie de Bujumbura</subfield>
    <subfield code="b">cas de la commune Ntahangwa</subfield>
    <subfield code="c">Jean Bosco Ngabirano ; Aloys Ndayisenga, directeur</subfield>
  </datafield>
  <datafield tag="260" ind1=" " ind2=" ">
    <subfield code="a">Bujumbura</subfield>
    <subfield code="b">Universit&#xE9; du Burundi, Facult&#xE9; des lettres et sciences humaines, Master&#xAB;soci&#xE9;t&#xE9;, pouvoirs, territoires et d&#xE9;veloppement durable&#xBB; (SPTD)</subfield>
    <subfield code="c">2022</subfield>
  </datafield>
  <datafield tag="300" ind1=" " ind2=" ">
    <subfield code="a">XVII-100f.</subfield>
    <subfield code="c">30cm</subfield>
  </datafield>
  <datafield tag="500" ind1=" " ind2=" ">
    <subfield code="a">M&#xE9;moire pr&#xE9;sent&#xE9; et d&#xE9;fendu publiquement en vue de l'obtention du dipl&#xF4;me de Master en &#xAB;soci&#xE9;t&#xE9;, pouvoirs, territoires et d&#xE9;veloppement durable&#xBB; (SPTD)</subfield>
  </datafield>
  <datafield tag="650" ind1="7" ind2=" ">
    <subfield code="2">BI-BuBU</subfield>
    <subfield code="a">Hydrologie.</subfield>
    <subfield code="x">Risque.</subfield>
    <subfield code="z">Commune Ntahangwa.</subfield>
  </datafield>
  <datafield tag="655" ind1="7" ind2=" ">
    <subfield code="2">BI-BuBU</subfield>
    <subfield code="b">M&#xE9;moire</subfield>
  </datafield>
  <datafield tag="700" ind1="1" ind2=" ">
    <subfield code="4">dir.</subfield>
    <subfield code="a">Ndayisenga Aloys</subfield>
  </datafield>
  <datafield tag="710" ind1=" " ind2=" ">
    <subfield code="4">aut.</subfield>
    <subfield code="a">Universit&#xE9; du Burundi</subfield>
    <subfield code="b">Facult&#xE9; des sciences.</subfield>
  </datafield>
  <datafield tag="942" ind1=" " ind2=" ">
    <subfield code="2">udc</subfield>
    <subfield code="c">MEM</subfield>
  </datafield>
  <datafield tag="952" ind1=" " ind2=" ">
    <subfield code="0">0</subfield>
    <subfield code="1">0</subfield>
    <subfield code="2">udc</subfield>
    <subfield code="4">0</subfield>
    <subfield code="7">1</subfield>
    <subfield code="9">79186</subfield>
    <subfield code="a">BC</subfield>
    <subfield code="b">BC</subfield>
    <subfield code="d">2023-06-19</subfield>
    <subfield code="e">DON DE L'AUTEUR</subfield>
    <subfield code="l">0</subfield>
    <subfield code="o">R.551.49 NGA.</subfield>
    <subfield code="p">5010000717988</subfield>
    <subfield code="r">2023-06-19</subfield>
    <subfield code="t">1</subfield>
    <subfield code="w">2023-06-19</subfield>
    <subfield code="y">MEM</subfield>
    <subfield code="i">239746</subfield>
  </datafield>
</record>
